| 000 | 01065nam a2200253 i 4500 | ||
|---|---|---|---|
| 001 | 167713 | ||
| 003 | ES-MaACL | ||
| 005 | 20250928134130.0 | ||
| 008 | 931025s1787 sp ax |||| | spa d | ||
| 040 |
_aCARM _bspa _cPAB |
||
| 100 | 1 |
_aVitrubio Polión, Marco. _9115528 |
|
| 245 | 1 | 4 |
_aLos diez libros de archîtectura / _cde M. Vitruvio Polion ; traducidos del latín y comentados por Don Joseph Ortíz y Sanz,... |
| 260 |
_aEn Madrid : _ben la Imprenta Real, _c1787. |
||
| 300 |
_a[4], XXVIII, 277, [1] en bl., [2] p., LVI h. de grab. ; _cFol. |
||
| 597 | _aSign.: [ ]\p2\s, a-g\p2\s, A-Z\p2\s, 2A-2Z\p2\s, 3A-3Z\p2\s, [ ]\p2\s. | ||
| 597 | _aAntep. | ||
| 599 | _aLas h. de grab. calc.: "D. Josef Ortiz lo delineó", "J. Joaquin Fabregat la gravo... [et al.]" | ||
| 650 | 0 | 4 |
_aArquitectura _99986 |
| 700 | 1 |
_aOrtiz y Sanz, José, _d1739-1822 _987661 |
|
| 700 | 1 |
_aFabregat, Joaquín. _9127003 |
|
| 710 | 2 |
_aImprenta Real (Madrid) _9134468 |
|
| 852 |
_aES-MaACL _jR-75 _z- Enc. pasta española _xOlim: C-2212 |
||
| 999 |
_c167713 _d167713 |
||